ALL TO ONE THE WINNING MODEL FOR MARKETI (Record no. 7507)

MARC details
000 -LEADER
fixed length control field 00362nam a2200133Ia 4500
008 - FIXED-LENGTH DATA ELEMENTS--GENERAL INFORMATION
fixed length control field 240624s9999 xx 000 0 und d
041 ## - LANGUAGE CODE
Language code of text/sound track or separate title eng
082 ## - DEWEY DECIMAL CLASSIFICATION NUMBER
Classification number 658.84 JON
100 ## - MAIN ENTRY--PERSONAL NAME
Personal name LUENGO JONES STEVE
245 ## - TITLE STATEMENT
Title ALL TO ONE THE WINNING MODEL FOR MARKETI
260 ## - PUBLICATION, DISTRIBUTION, ETC.
Date of publication, distribution, etc. 2001
Place of publication, distribution, etc. London
Name of publisher, distributor, etc. McGraw-Hill Companies
300 ## - PHYSICAL DESCRIPTION
Extent xvii, : 278 : p. : cm. ; 23
365 ## - TRADE PRICE
Currency code
Price amount 35
Holdings
Withdrawn status Lost status Damaged status Not for loan Home library Current library Shelving location Date acquired Source of acquisition Cost, normal purchase price Full call number Barcode Date last seen Copy number Price effective from Koha item type
        IMTN IMTN Rack 36-B 11/30/2007 BU 34.95 658.84 JON 7507 06/24/2024 39.35 06/24/2024 Books
Designed & Maintained by: LRC IMT Nagpur Contact: lrc@imtnag.ac.in© 2024. All Rights Reserved.